| 000 | 00708nam a22002057a 4500 | ||
|---|---|---|---|
| 999 |
_c16287 _d16287 |
||
| 003 | AR-CdUCM | ||
| 008 | 190503b ||||| |||| 00| 0 spa d | ||
| 040 |
_aMUNICIPALIDAD PROVINCIAL DEL CUSCO _cBIBLIOTECA MUNICIPAL DEL CUSCO |
||
| 082 |
_a868.6 / _bG77 |
||
| 100 |
_aGrau, Jacinto _910930 |
||
| 245 |
_aEntre llamas : _btragedia en tres actos y un epílogo. Conseja galante; cuento ingenuo en actos y un epílogo / |
||
| 260 |
_aBuenos Aires : _bEdit. Losada, _c1948. |
||
| 300 |
_a143 páginas ; _c19 cm. |
||
| 440 |
_aBiblioteca contemporánea ; _927761 |
||
| 505 | _aContenido: Teatro | ||
| 650 |
_aTeatro español _9648 |
||
| 650 |
_aSiglo XX. _98 |
||
| 942 |
_2ddc _cLIBROS |
||
| 945 |
_aacv _d2019-05-03 |
||